BFDI Episodes with the most votes - Statistics

General Stats
  • This quiz has been taken 31 times
  • The average score is 25 of 25
Answer Stats
# of Votes Answer % Correct
172,359 BFDIA 10: Taste the Sweetness
100%
362,326 BFDIA 11: Lots of Mud
100%
164,720 BFDIA 12: Insectophobe's Nightmare 4
100%
210,285 BFDIA 14: PointyPointyPointy🎵
100%
151,540 BFDIA 15: Spore Day
100%
246,275 BFDIA 16: Respect to the Wicked
100%
394,212 BFDIA 17: Start the Shift
100%
417,715 BFDIA 19: 🥚
100%
112,224 BFDIA 21: We're Not Friends
100%
269,548 BFDIA 7: Intruder Alert
100%
230,850 BFDIA 8: Meaty
100%
182,585 BFDIA 9: Catch These Hands
100%
76,682 BFDI:TPOT 10: Oneirophobe's Nightmare
100%
90,503 BFDI:TPOT 12: What's Up Bell's String?
100%
347,346 BFDI:TPOT 13: Category One
100%
225,176 BFDI:TPOT 14: I SAID CAREFUL!!!
100%
206,840 BFDI:TPOT 15: Seasonal Shift
100%
219,081 BFDI:TPOT 16: The Power of Four
100%
296,306 BFDI:TPOT 17: Bottle For Dream Island
100%
280,918 BFDI:TPOT 19: Last One Standing
100%
74,873 BFDI:TPOT 3: Getting Puffball To Think About Rollercoasters
100%
70,064 BFDI:TPOT 8: Balancing P.A.C.T.
100%
284,777 BFDIA 18: Airplanes in the Night Sky
96%
71,828 BFB 29: SOS (Save Our Show)
92%
77,131 BFB 30: Chapter Complete
92%
No matching quizzes found
Score Distribution
Percent of People with Each Score
Percentile by Number Answered
Your Score History
You have not taken this quiz